000 00804pam a2200241 a 4500
001 2051386
005 20180222071619.0
008 930713s1993 flu b 001 0 eng c
010 _a 93026909
020 _a0943158931
040 _aDNLM/DLC
_cDLC
_dDLC
041 _aeng
060 0 0 _aWZ 345 W848w 1993
080 _a616.89075 WOL
082 0 0 _a616.89075 WOL
_220
100 1 _a4
101 _aSHM
245 1 0 _aWriting psychological reports :
_cGreg J. Wolber and William F. Carne.
504 _aIncludes bibliographical references (p. [109]-112) and index.
906 _a7
_bcbc
_corignew
_d1
_eocip
_f19
_gy-gencatlg
942 _2ddc
_cBK
999 _c43188
_d43188